<?xml version="1.0" encoding="UTF-8"?>
<record
    xmlns:xsi="http://www.w3.org/2001/XMLSchema-instance"
    xsi:schemaLocation="http://www.loc.gov/MARC21/slim http://www.loc.gov/standards/marcxml/schema/MARC21slim.xsd"
    xmlns="http://www.loc.gov/MARC21/slim">

  <leader>01514cam a22003257a 4500</leader>
  <datafield tag="999" ind1=" " ind2=" ">
    <subfield code="c">234094</subfield>
    <subfield code="d">234094</subfield>
  </datafield>
  <controlfield tag="001">13321002</controlfield>
  <controlfield tag="003">Nust</controlfield>
  <controlfield tag="005">20170313151532.0</controlfield>
  <controlfield tag="008">020705r20021958nyu           000 1 eng d</controlfield>
  <datafield tag="010" ind1=" " ind2=" ">
    <subfield code="a">  2003542850</subfield>
  </datafield>
  <datafield tag="020" ind1=" " ind2=" ">
    <subfield code="a">9780330491181</subfield>
  </datafield>
  <datafield tag="035" ind1=" " ind2=" ">
    <subfield code="a">(OCoLC)ocm50127839</subfield>
  </datafield>
  <datafield tag="040" ind1=" " ind2=" ">
    <subfield code="a">ORX</subfield>
    <subfield code="c">ORX</subfield>
    <subfield code="d">ABC</subfield>
    <subfield code="d">DLC</subfield>
  </datafield>
  <datafield tag="042" ind1=" " ind2=" ">
    <subfield code="a">lccopycat</subfield>
  </datafield>
  <datafield tag="050" ind1="0" ind2="0">
    <subfield code="a">PR9272.9.N32</subfield>
    <subfield code="b">N54 2002</subfield>
  </datafield>
  <datafield tag="082" ind1="0" ind2="0">
    <subfield code="a">823.914</subfield>
    <subfield code="b">NAI</subfield>
  </datafield>
  <datafield tag="100" ind1="1" ind2=" ">
    <subfield code="a">Naipaul, V. S.</subfield>
    <subfield code="q">(Vidiadhar Surajprasad),</subfield>
    <subfield code="d">1932-</subfield>
  </datafield>
  <datafield tag="245" ind1="1" ind2="4">
    <subfield code="a">The nightwatchman's occurrence book :</subfield>
    <subfield code="b">and other comic inventions /</subfield>
    <subfield code="c">V.S. Naipaul.</subfield>
  </datafield>
  <datafield tag="250" ind1=" " ind2=" ">
    <subfield code="a">1st Vintage International ed.</subfield>
  </datafield>
  <datafield tag="260" ind1=" " ind2=" ">
    <subfield code="a">New York :</subfield>
    <subfield code="b">Vintage International,</subfield>
    <subfield code="c">2002.</subfield>
  </datafield>
  <datafield tag="300" ind1=" " ind2=" ">
    <subfield code="a">vii, 546 p. ;</subfield>
    <subfield code="c">21 cm.</subfield>
  </datafield>
  <datafield tag="500" ind1=" " ind2=" ">
    <subfield code="a">Originally published as 3 separate works in 1958, 1963 and 1967.</subfield>
  </datafield>
  <datafield tag="505" ind1="0" ind2=" ">
    <subfield code="a">The suffrage of Elvira -- Mr. Stone and the knights companion -- A flag on the island.</subfield>
  </datafield>
  <datafield tag="700" ind1="1" ind2="2">
    <subfield code="a">Naipaul, V. S.</subfield>
    <subfield code="q">(Vidiadhar Surajprasad),</subfield>
    <subfield code="d">1932-</subfield>
    <subfield code="t">Suffrage of Elvira.</subfield>
  </datafield>
  <datafield tag="700" ind1="1" ind2="2">
    <subfield code="a">Naipaul, V. S.</subfield>
    <subfield code="q">(Vidiadhar Surajprasad),</subfield>
    <subfield code="d">1932-</subfield>
    <subfield code="t">Mr. Stone and the knights companion.</subfield>
  </datafield>
  <datafield tag="700" ind1="1" ind2="2">
    <subfield code="a">Naipaul, V. S.</subfield>
    <subfield code="q">(Vidiadhar Surajprasad),</subfield>
    <subfield code="d">1932-</subfield>
    <subfield code="t">Flag on the island.</subfield>
  </datafield>
  <datafield tag="856" ind1="4" ind2="1">
    <subfield code="3">Sample text</subfield>
    <subfield code="u">http://www.loc.gov/catdir/samples/random041/2003542850.html</subfield>
  </datafield>
  <datafield tag="856" ind1="4" ind2="2">
    <subfield code="3">Publisher description</subfield>
    <subfield code="u">http://www.loc.gov/catdir/description/random042/2003542850.html</subfield>
  </datafield>
  <datafield tag="906" ind1=" " ind2=" ">
    <subfield code="a">7</subfield>
    <subfield code="b">cbc</subfield>
    <subfield code="c">copycat</subfield>
    <subfield code="d">2</subfield>
    <subfield code="e">ncip</subfield>
    <subfield code="f">20</subfield>
    <subfield code="g">y-gencatlg</subfield>
  </datafield>
  <datafield tag="942" ind1=" " ind2=" ">
    <subfield code="2">ddc</subfield>
    <subfield code="c">BK</subfield>
  </datafield>
  <datafield tag="952" ind1=" " ind2=" ">
    <subfield code="0">0</subfield>
    <subfield code="1">0</subfield>
    <subfield code="2">ddc</subfield>
    <subfield code="4">0</subfield>
    <subfield code="7">0</subfield>
    <subfield code="8">FIC</subfield>
    <subfield code="a">CL</subfield>
    <subfield code="b">CL</subfield>
    <subfield code="c">FIC</subfield>
    <subfield code="d">2017-03-13</subfield>
    <subfield code="l">1</subfield>
    <subfield code="o">823.914 NAI</subfield>
    <subfield code="p">CL852</subfield>
    <subfield code="q">2022-09-15</subfield>
    <subfield code="r">2022-05-18</subfield>
    <subfield code="s">2022-05-18</subfield>
    <subfield code="t">1</subfield>
    <subfield code="w">2017-03-13</subfield>
    <subfield code="y">BK</subfield>
  </datafield>
</record>
